000 00286nam a22001337a 4500
008 171018b xxu||||| |||| 00| 0 eng d
020 _a9780071490672
041 _aeng
080 _22ND
_a338
100 _a53
101 _aMEN
245 _aUNLOCK BEHAVIOR
_cWILK,L
942 _2udc
_cBK
999 _c34557
_d34557